Colourful houseplants : (Record no. 136329)

MARC details
000 -LEADER
fixed length control field 00660nam a22002177a 4500
010 ## - LIBRARY OF CONGRESS CONTROL NUMBER
LC control number A-216154
020 ## - INTERNATIONAL STANDARD BOOK NUMBER
International Standard Book Number 090781204
035 ## - SYSTEM CONTROL NUMBER
System control number A-216154
037 ## - SOURCE OF ACQUISITION
Source of stock number/acquisition Cen Lib / Ret
040 ## - CATALOGING SOURCE
Original cataloging agency DPL
Language of cataloging EN
082 ## - DEWEY DECIMAL CLASSIFICATION NUMBER
Classification number 635
Item number COL
245 ## - TITLE STATEMENT
Title Colourful houseplants :
Remainder of title an illustrated guide to indoor gardening /
Statement of responsibility, etc edited by Peter McHoy [and] David Squire
260 ## - PUBLICATION, DISTRIBUTION, ETC. (IMPRINT)
Place of publication, distribution, etc London
Name of publisher, distributor, etc Octopus Books
Date of publication, distribution, etc 1978
270 ## - ADDRESS
Address Octopus Books
City London
300 ## - PHYSICAL DESCRIPTION
Extent 128p ;
Dimensions 32cm(Hb)
650 ## - SUBJECT ADDED ENTRY--TOPICAL TERM
Topical term or geographic name as entry element House plants.
9 (RLIN) 142152
650 ## - SUBJECT ADDED ENTRY--TOPICAL TERM
Topical term or geographic name as entry element Indoor plants
9 (RLIN) 142153
700 ## - ADDED ENTRY--PERSONAL NAME
Personal name McHoy, Peter
9 (RLIN) 95737
700 ## - ADDED ENTRY--PERSONAL NAME
Personal name Squire, David
9 (RLIN) 95738
942 ## - ADDED ENTRY ELEMENTS (KOHA)
Source of classification or shelving scheme Dewey Decimal Classification
Koha item type English Books
Classification part 635
Call number suffix CON
Holdings
Withdrawn status Lost status Damaged status Not for loan Home library Current library Date acquired Source of acquisition Total Checkouts Full call number Barcode Date last seen Copy number Price effective from Koha item type
        Central Library Central Library 23/03/2016 Cen Lib/Ret   635 COL A-216154 23/03/2016 1 23/03/2016 English Books

© Delhi Public Library
Hit Counter
free hit counter